How to Live Like a King's Kid (Record no. 971)

MARC details
000 -LEADER
fixed length control field 00345nam a22001337a 4500
003 - CONTROL NUMBER IDENTIFIER
control field OSt
005 - DATE AND TIME OF LATEST TRANSACTION
control field 20160727222418.0
008 - FIXED-LENGTH DATA ELEMENTS--GENERAL INFORMATION
fixed length control field 160625b xxu||||| |||| 00| 0 eng d
100 ## - MAIN ENTRY--PERSONAL NAME
9 (RLIN) 1194
Personal name Hill, H
245 ## - TITLE STATEMENT
Title How to Live Like a King's Kid
260 ## - PUBLICATION, DISTRIBUTION, ETC. (IMPRINT)
Place of publication, distribution, etc. N.J
Name of publisher, distributor, etc. Logos International
Date of publication, distribution, etc. 1974
300 ## - PHYSICAL DESCRIPTION
Extent How to Live Like a King's Kid
942 ## - ADDED ENTRY ELEMENTS (KOHA)
Source of classification or shelving scheme Dewey Decimal Classification
Koha item type BOOK
Holdings
Withdrawn status Lost status Source of classification or shelving scheme Damaged status Not for loan Home library Current library Shelving location Date acquired Total Checkouts Full call number Barcode Date last seen Price effective from Koha item type
    Dewey Decimal Classification     Good Samaritan School Library Good Samaritan School Library FICTION 06/25/2016   823 HIL1494 06/25/2016 06/25/2016 BOOK

Powered by Koha